Music Quiz

Random Music or Song Quiz

Country Music Song Title Match-Up Quiz Stats

 Plays Quiz Updated Oct 29, 2018

Score 0/24 Timer 04:00
2 Plays Today
% Correct
All My Ex's Live
96.7%
Mammas, Don't Let Your Babies
96.5%
Ring of
96%
I Walk
95.8%
Before He
95.2%
Friends in
95.2%
Stand by Your
93.6%
It Wasn't God Who
93%
Take This Job
92.4%
He Stopped
92.4%
The Happiest
92.1%
I Saw
91.7%
% Correct
Coat of
90.4%
Coal
89.5%
Okie from
89%
Ode to Billie
88.3%
Folsom
87.7%
Sixteen
82.8%
Grandma's Feather
81.9%
Old Dogs, Children
81.3%
Angel
77.9%
Blue Moon
77.2%
Harper Valley
76.7%
Wichita
74%

You're not logged in!

Compare scores with friends on all Sporcle quizzes.
OR
Log In

Sporcle TV

Today on Sporcle TV


Watch our educational content, quiz creation guides, and fun videos on Sporcle TV.

Show Comments

Extras

Top Quizzes Today


Score Distribution

Your Account Isn't Verified!

In order to create a playlist on Sporcle, you need to verify the email address you used during registration. Go to your Sporcle Settings to finish the process.

Report this User

Report this user for behavior that violates our Community Guidelines.

Details: